| 000 | 00549 a2200217 4500 | ||
|---|---|---|---|
| 001 | 17160 | ||
| 999 |
_c17160 _d3873 |
||
| 003 | TR-AnTOB | ||
| 005 | 20190408212920.0 | ||
| 008 | 041102s2003 tu tur | ||
| 020 | _a9753480113 | ||
| 041 | _atur | ||
| 050 |
_aPL248.I44 _bÇ35 2003 |
||
| 090 | _aPL248.I44 Ç35 2003 | ||
| 100 |
_aIlgaz, Rıfat _d1911-1993 _98418 |
||
| 245 | 0 |
_aÇalış Osman çiftlik senin / _cRıfat Ilgaz, 1911-1993. |
|
| 250 | _a7. bs. | ||
| 264 | 1 |
_aİstanbul : _bÇınar Yayınları, _c2003 |
|
| 300 |
_a160 p. ; _c20 cm. |
||
| 902 | _a0006149 | ||
| 942 | _cBK | ||